000 00893nam a22002417a 4500
999 _c20304
_d20304
003 AR-CdUCM
008 190322b ||||| |||| 00| 0 spa d
020 _a968-451-195-7
040 _aMUNICIPALIDAD PROVINCIAL DEL CUSCO
_cBIBLIOTECA MUNICIPAL DEL CUSCO
041 _heng
082 _a660.28 /
_bB14
100 _aBadger, Walter L.
_923123
245 _aIntroducción a la ingeniería química /
260 _aEspaña :
_bMcgraw-Hill book compay,
_c1964.
300 _a778 páginas ;
_bIlustraciones,
_c23 cm.
505 _aContenido: Movimiento de fluidos -- Transporte de fluidos -- Transmisión del calor -- Evaporación -- Destilación -- Extracción...
650 _aIngeniería química
_919696
650 _aEvaporación
_942439
700 _aBanchero, Julius T.
_923124
700 _aArriero, Ricardo (traducción)
_942440
942 _2ddc
_cLIBROS
945 _adavv
_d2019-05-28